Normal view
MARC view
Entry Personal Name
001 - CONTROL NUMBER
- control field: 16227
003 - CONTROL NUMBER IDENTIFIER
- control field: BD-RjUL
005 - DATE AND TIME OF LATEST TRANSACTION
- control field: 20250723145658.0
008 - FIXED-LENGTH DATA ELEMENTS
- fixed length control field: 250723|| aca||aabn | a|a d
040 ## - CATALOGING SOURCE
- Original cataloging agency: BD-RjUL
- Transcribing agency: BD-RjUL
100 ## - HEADING--PERSONAL NAME
- Personal name: ভুঁইয়া, আসিফ মাহমুদ সজীব
670 ## - SOURCE DATA FOUND
- Source citation: Work cat.: (BD-RjUL)85297: ভুঁইয়া, আসিফ মাহমুদ সজীব , জুলাই : , ২০২৫